Score 0/50 Timer 08:00
0 Plays Today
% Correct
Delaware
57.1%
Rhode Island
50%
New York
50%
Hawaii
50%
Pennsylvania
47.6%
Arizona
47.6%
Georgia
45.2%
Alaska
45.2%
New Jersey
42.9%
New Hampshire
38.1%
Vermont
38.1%
Connecticut
38.1%
Kentucky
35.7%
North Carolina
35.7%
South Carolina
35.7%
Arkansas
35.7%
New Mexico
35.7%
California
35.7%
Massachusetts
33.3%
Louisiana
33.3%
Oklahoma
33.3%
Tennessee
31%
Iowa
31%
Illinois
31%
Missouri
31%
% Correct
South Dakota
31%
Utah
31%
Maryland
28.6%
Mississippi
28.6%
Minnesota
28.6%
Ohio
28.6%
West Virginia
26.2%
Virginia
26.2%
Florida
26.2%
Wisconsin
26.2%
Michigan
26.2%
Indiana
26.2%
North Dakota
26.2%
Nebraska
26.2%
Kansas
26.2%
Wyoming
26.2%
Maine
23.8%
Alabama
23.8%
Texas
23.8%
Colorado
23.8%
Washington
23.8%
Oregon
23.8%
Nevada
21.4%
Montana
21.4%
Idaho
14.3%

You're not logged in!

Compare scores with friends on all Sporcle quizzes.
OR
Log In

Sporcle TV

Today on Sporcle TV


Watch our educational content, quiz creation guides, and fun videos on Sporcle TV.

Show Comments

Extras

Top Quizzes Today


Score Distribution

Paid Content

Your Account Isn't Verified!

In order to create a playlist on Sporcle, you need to verify the email address you used during registration. Go to your Sporcle Settings to finish the process.

Report this User

Report this user for behavior that violates our Community Guidelines.

Details: